[Event "Vojvodina-chT (Women) 29th"]
[Site "Novi Sad"]
[Date "2023.11.10"]
[Round "2.2"]
[White "Petrovic, Danijela"]
[Black "Timofeeva, Darya Iv"]
[Result "1/2-1/2"]
[WhiteElo "1978"]
[BlackElo "1406"]
[PlyCount "145"]
[EventDate "2023.11.09"]
[EventType "team-swiss"]
[EventRounds "5"]
[EventCountry "SRB"]
[SourceTitle "CB46_2023"]
[SourceDate "2023.11.15"]
[SourceVersion "1"]
[SourceVersionDate "2023.11.15"]
[SourceQuality "1"]
[WhiteTeam "Novi Sad CC (W)"]
[BlackTeam "Novi Sad Dnevnik (W)"]
[WhiteTeamCountry "SRB"]
[BlackTeamCountry "SRB"]

1. e4 e5 2. Nf3 Nc6 3. d4 exd4 4. Bc4 Bb4+ 5. c3 dxc3 6. 0-0 Nge7 7. bxc3 Ba5 8. Ng5 Ne5 9. Bb3 0-0 10. Nxh7 Kxh7 11. Qh5+ Kg8 12. Qxe5 Nc6 13. Qh5 Qf6 14. Bd2 d6 15. f4 g6 16. Qh6 Be6 17. f5 Bxb3 18. axb3 Bb6+ 19. Kh1 Ne5 20. Bg5 Qh8 21. Qxh8+ Kxh8 22. Bf6+ Kh7 23. Rf4 g5 24. Bxg5 f6 25. Rh4+ Kg8 26. Bh6 Rf7 27. Bf4 Nd3 28. Bg3 Re8 29. Nd2 Rh7 30. Rxh7 Kxh7 31. Rf1 Ba5 32. b4 Nxb4 33. Rb1 Nd3 34. Nc4 Bb6 35. Nd2 Nc5 36. Re1 Ba5 37. Re3 d5 38. e5 d4 39. cxd4 Bxd2 40. Re2 Nb3 41. e6 Ba5 42. Re4 Kh6 43. Rg4 Kh5 44. h3 c6 45. Kh2 Bb6 46. Rg6 Nxd4 47. Rxf6 Kg5 48. Be5 Bc7 49. h4+ Kg4 50. Bxc7 Nxf5 51. g3 c5 52. Bf4 Nd4 53. Rg6+ Kf5 54. Rg5+ Kf6 55. Rxc5 Nxe6 56. Be5+ Kg6 57. Ra5 a6 58. g4 Rd8 59. Kg3 Rd3+ 60. Kf2 Rd2+ 61. Ke3 Rg2 62. Kf3 Rc2 63. Rd5 Rc6 64. Rd7 b5 65. Ke3 Rb6 66. Kd2 b4 67. Kc2 a5 68. Ra7 Rb5 69. Bb2 b3+ 70. Kb1 Rb4 71. h5+ Kg5 72. Rxa5+ Kxg4 73. Bc3 1/2-1/2